000 00582cab a2200217 4500
001 X148
008 090401t1992 xxu||||| |||| 00| 0 eng d
035 _a(Sirsi) u64160
041 _aeng
100 _aFinch, E.
245 _aRisk and the facilities manager
260 _c1992
350 _a0
490 _aFacilities
_v10(4) 1992, 10-13(4)
650 _aCASPAR
650 _aCOMPUTER-AIDED SIMULATION FOR PROJECT APPRAISAL AND REVIEW
650 _aRISK MANAGEMENT
690 _aMANAGEMENT-BUSINESS MANAGEMENT-PROFESSIONAL PRACTICE
942 _n0
948 _c04/03/1997
999 _c39947
_d39947